LIBRARY & INFORMATION CENTRE, KCAET, TAVANUR

ONLINE PUBLIC ACCESS CATALOGUE (OPAC)

International dictionary of physics and electronics / (Record no. 9197)

MARC details
000 -LEADER
fixed length control field 00422cam a2200157ua 4500
041 ## - LANGUAGE CODE
Language code of text/sound track or separate title eng
082 ## - DEWEY DECIMAL CLASSIFICATION NUMBER
Classification number 028.7353
Item number MIC/IN
100 ## - MAIN ENTRY--AUTHOR NAME
Personal name Michels, Walter C .
245 00 - TITLE STATEMENT
Title International dictionary of physics and electronics /
250 ## - EDITION STATEMENT
Edition statement 2 /
260 ## - PUBLICATION, DISTRIBUTION, ETC. (IMPRINT)
Place of publication Toronto :
Name of publisher D Van nostrand co ,
Year of publication 1961.
300 ## - PHYSICAL DESCRIPTION
Number of Pages 1355 ; .
942 ## - ADDED ENTRY ELEMENTS (KOHA)
Koha item type Books
Holdings
Withdrawn status Lost status Damaged status Home library Current library Date acquired Full call number Accession Number Koha item type
      KAUAET KAUAET 07/04/2012 028.7353 10598 Reference
free website counter